Logo BPK

Biblioteka

Politechniki Koszalińskiej

Spravocnik po zascite rastenij dlja sadovodov i ogorodnikov / (Rekord nr 23702)

Szczegóły MARC
000 -ETYKIETA REKORDU
podpole kontrolne o stałej długości 00428nam a2200157 i 4500
001 - NUMER KONTROLNY REKORDU
pole kontrolne bg
040 ## - ŹRÓDŁO KATALOGOWANIA
Instytucja, która utworzyła rekord BPK
041 ## - KOD JĘZYKA
Kod języka tekstu pol
080 ## - UNIWERSALNA KLASYFIKACJA DZIESIĘTNA - UKD
UKD 632.9
008 - POLE O STAŁEJ DŁUGOŚCI - DANE KONTROLNE
podpole kontrolne o stałej długości s pl f |000 0 pol
100 1# - NAZWA OSOBOWA
Nazwa osobowa Grebenščikov, Sergej K.
245 #0 - TYTUŁ/ODPOWIEDZIALNOŚĆ
Tytuł Spravocnik po zascite rastenij dlja sadovodov i ogorodnikov /
Pozostałe elementy strefy tytułu i oznaczenia odpowiedzialności S. K. Grebenscikov.
260 ## - STREFA ADRESU WYDAWNICZEGO
Miejsce wydania Moskva :
Nazwa wydawcy/dystrybutora Rossel'choizdat,
Data publikacji, dystrybucji/powstania dokumentu 1987.
300 ## - STREFA OPISU FIZYCZNEGO
Objętość 207 s. ;
Rozmiary 20 cm.
942 ## - DODATKOWE ELEMENTY (KOHA)
Typ dokumentu Książka
Egzemplarze
Wycofany Status egzemplarza Uszkodzony Dostępność Lokalizacja stała Lokalizacja bieżąca Miejsce przechowywania Sygnatura Kod kreskowy Typ dokumentu
      Dostępny Biblioteka Politechniki Koszalińskiej Biblioteka Politechniki Koszalińskiej Wypożyczalnia BG 33899 01598612 Książka
© 2023 Biblioteka Politechniki Koszalińskiej :: KOHA